Power healing / (Record no. 21111)

MARC details
000 -LEADER
fixed length control field 01467pam a2200385 a 4500
001 - CONTROL NUMBER
control field 3891382
003 - CONTROL NUMBER IDENTIFIER
control field OSt
005 - DATE AND TIME OF LATEST TRANSACTION
control field 20260122103026.0
008 - FIXED-LENGTH DATA ELEMENTS--GENERAL INFORMATION
fixed length control field 901019r19911987cau b 000 0deng
010 ## - LIBRARY OF CONGRESS CONTROL NUMBER
LC control number 90084440
020 ## - INTERNATIONAL STANDARD BOOK NUMBER
International Standard Book Number 0060695412 (alk. paper) :
Terms of availability $8.95
020 ## - INTERNATIONAL STANDARD BOOK NUMBER
International Standard Book Number 9780060695415
035 ## - SYSTEM CONTROL NUMBER
System control number 3891382
040 ## - CATALOGING SOURCE
Original cataloging agency DLC
Transcribing agency DLC
Modifying agency DLC
050 00 - LIBRARY OF CONGRESS CALL NUMBER
Classification number BT732.5
Item number .W55 1991
082 00 - DEWEY DECIMAL CLASSIFICATION NUMBER
Classification number 234/.13
Edition number 20
100 1# - MAIN ENTRY--PERSONAL NAME
Personal name Wimber, John.
245 10 - TITLE STATEMENT
Title Power healing /
Statement of responsibility, etc. John Wimber with Kevin Springer.
250 ## - EDITION STATEMENT
Edition statement 1st HarperCollins pbk. ed.
260 ## - PUBLICATION, DISTRIBUTION, ETC. (IMPRINT)
Place of publication, distribution, etc. [San Francisco] :
Name of publisher, distributor, etc. HarperSanFrancisco,
Date of publication, distribution, etc. 1991.
300 ## - PHYSICAL DESCRIPTION
Extent xxii, 293 p. ;
Dimensions 21 cm.
336 ## - CONTENT TYPE
Content type term text
Content type code txt
Source rdacontent
337 ## - MEDIA TYPE
Media type term unmediated
Media type code n
Source rdamedia
338 ## - CARRIER TYPE
Carrier type term volume
Carrier type code nc
Source rdacarrier
500 ## - GENERAL NOTE
General note Reprint. Originally published: San Francisco : Harper & Row, 1987.
504 ## - BIBLIOGRAPHY, ETC. NOTE
Bibliography, etc Includes bibliographical references (p. [289]-293).
600 10 - SUBJECT ADDED ENTRY--PERSONAL NAME
Personal name Wimber, John.
650 #0 - SUBJECT ADDED ENTRY--TOPICAL TERM
Topical term or geographic name as entry element Spiritual healing.
700 1# - ADDED ENTRY--PERSONAL NAME
Personal name Springer, Kevin.
856 42 - ELECTRONIC LOCATION AND ACCESS
Materials specified Publisher description
Uniform Resource Identifier <a href="http://www.loc.gov/catdir/description/hc044/90084440.html">http://www.loc.gov/catdir/description/hc044/90084440.html</a>
906 ## - LOCAL DATA ELEMENT F, LDF (RLIN)
a 7
b cbc
c orignew
d 1
e opcn
f 19
g y-gencatlg
942 ## - ADDED ENTRY ELEMENTS (KOHA)
Source of classification or shelving scheme Library of Congress Classification
Koha item type General Collection
Holdings
Withdrawn status Lost status Source of classification or shelving scheme Not for loan Home library Current library Shelving location Date acquired Source of acquisition Inventory number Total Checkouts Full call number Barcode Date last seen Copy number Price effective from Koha item type
    Library of Congress Classification   Kabarak, Main Campus Kabarak, Main Campus General Stacks 22/01/2026 Donation 2025/3171   BT732.5 .W55 1991 C.1 39778 22/01/2026 C.1 22/01/2026 General Collection
Designed with assistance from East African Informatics Ltd